Číslicové počítače 2 : Vstupní a výstupní podsystémy

Salvato in:
Dettagli Bibliografici
Autori principali: Linhart, Miroslav (Autore), Blatný, Jan (Autore)
Natura: Libro
Lingua:ceco
Pubblicazione: Brno : Vysoké učení technické v Brně, 1978
Edizione:2. vyd.
Tags: Aggiungi Tag
Nessun Tag, puoi essere il primo ad aggiungerne!!

MARC

LEADER 00000nam a22000003a 4500
001 stu26164
005 20150617225746.1
008 980624s1978------------------------cze-d
040 |a STU  |b slo 
041 0 |a cze 
100 1 |a Linhart, Miroslav  |4 aut 
245 1 |a Číslicové počítače 2 :  |b Vstupní a výstupní podsystémy 
250 |a 2. vyd. 
260 |a Brno :  |b Vysoké učení technické v Brně,  |c 1978 
300 |a 193 s 
700 1 |a Blatný, Jan  |4 aut 
996 |b 284ES13510  |c E*S-9467  |l EE01  |s A  |a 24  |w stu26164_0001